MDQL
is popping MORE tags! Check the
thread
!
Quizzes
Events
Quiz Creation
Community
Videos
Private Events
Remove Ads
Sign In
Join for FREE
Feedback
Dark Mode
Quiz Categories
Sports
Geography
Music
Movies
Television
Just For Fun
Miscellaneous
History
Literature
Language
Science
Gaming
Entertainment
Religion
Holiday
For Kids
Quiz Lab
Recent
Popular Today
Quiz Kudos Today
Editor Picks
Curator Picks
Quizzes by...
Day
Popularity
Type
Ratings
Length
Year
Community
Subscriptions
Recent Discussions
Orange Saloon
Badges
Playlists
Quests
Create
Leaderboards
Showdown
Live 5
Trivia Bingo
Activity
Puzzle Library
Sporcle Events
Private Events
Virtual Trivia
Globe League
Become a Host
Pub Owners
SporcleCon
Opinionation
Our Games
Videos
Blog
Mobile Apps
Partnerships
Remove Ads and Go Orange
Feedback
Sports
Athletes
MLB
NBA
NHL
NFL
Soccer
Sports Teams
WWE
NCAA
Football
Premier League
Basketball
Baseball
Hockey
Golf
Tennis
Cricket
Rugby
Auto Racing
Olympics
World Cup
Sports
Athletes
MLB
NBA
NHL
NFL
Soccer
Sports Teams
WWE
NCAA
Football
Premier League
Basketball
Baseball
Hockey
Golf
Tennis
Cricket
Rugby
Auto Racing
Olympics
World Cup
Random Quiz
Search Sporcle
×
Quiz Lab
Quiz Lab
Sports
WWE
Type in answers that appear in a list
Type in answers that appear in a list
Classic
Best Score? Go Orange.
WWE Wrestling Trivia Stats
Can you name the WWE Trivia?
By
Romper04345
10m
50 Questions
3,817 Plays
3,817 Plays
3,817 Plays
Comments
Comments
Give Quiz Kudos
Give Quiz Kudos
-
- Ratings
hide this ad
Forced Order
Answers have to be entered in order
Answers have to be entered in order
Random Order
Randomize order of answers
Randomize order of answers
Replay
Link that replays current quiz
Next Quiz
Link to next quiz in quiz playlist
You Got
0%
They Got
Avg Score
55%
Avg Friend Score
Upgrade to see
Score Distribution
Jump to the score distribution portion of the page
Score
0/50
Timer
10:00
0
Plays Today
Hint
Wrestler
% Correct
Gold Medal in the 1996 Olympic Games
Kurt Angle
82.7%
Starred in 'The Marine'
John Cena
80.5%
Dustin Rhodes
Goldust
80.4%
Paul Levesque
Triple H
80.1%
Mark Calaway
Undertaker
79.4%
'The best there is, the best there was, the best there ever will be'
Bret Hart
78.8%
Hot Rod
Roddy Piper
78.3%
Starred in 'Tooth Fairy'
The Rock
77.5%
Member of the band 'Fozzy'
Jericho
77.4%
3 Royal Rumble wins
Steve Austin
77.3%
Has a Pepsi logo tattoo
CM Punk
76.3%
'The Dirtiest Player in the Game'
Ric Flair
75.6%
Hulk Hogans partner in 'The Mega Powers'
Randy Savage
74.2%
Played in the 2006 movie 'See No Evil'
Kane
74%
'The ninth wonder of the world'
Chyna
72.9%
Ronnie Killings
R-Truth
72.8%
Pro Wrestling Illustrated 'Woman of the decade (2000 -
2009)'
Trish Stratus
72.1%
Billed from 'Ghana, West Africa'
Kofi Kingston
70.2%
Michael Hickenbottom
Shawn Michaels
69.2%
'The Cobra' Finisher
Santino
67.1%
First member of the WWF/
WWE Hall of Fame
Andre the Giant
65.6%
Cast member of MTVs 'The Real World:Back to New York'
The Miz
65%
Won the 2009 Royal Rumble match
Randy Orton
64.5%
5 feet 6 inches tall
Rey Mysterio
62.4%
Entrance Theme 'I Walk Alone'
Batista
62.3%
Hint
Wrestler
% Correct
Returned to the WWF at WrestleMania VIII to rescue Hulk Hogan
Ultimate Warrior
61.5%
'Celtic Cross' Finisher
Finlay
61.4%
Nicholas Nemeth
Dolph Ziggler
56.9%
1st Place in the '2002 Arnold Strongman Classic'
Mark Henry
56.6%
Entrance Theme 'One of a Kind'
Rob Van Dam
56%
October 9, 1967 -
November 13, 2005
Eddie Guerrero
55.5%
Played for the Los Angeles Rams and the Atlanta Falcons
Goldberg
51.1%
Entrance Theme 'Just Close Your Eyes'
Christian
50.2%
Barbara Blank
Kelly Kelly
48.9%
Starred in 'Thunder in Paradise'
Hulk Hogan
48.3%
The Last Cruiserweight Champion before the belt was deactivated
Hornswoggle
45.5%
'Whoopie Cushion' Finisher
Doink the Clown
38.8%
Member of the band 'Peroxwhygen'
Jeff Hardy
31.7%
'Mr. 305'
MVP
31.3%
'The Master Manipulator'
Edge
30%
Entrance Theme 'Written in My Face'
Sheamus
29.6%
March 28, 1973 -
December 4, 2009
Umaga
27.5%
Placed 3rd on 'Dancing With the Stars' (2006)
Stacy Keibler
27.1%
Formerly named 'Big Nasty'
Big Show
26%
Entrance Theme 'Ain't No Make Believe'
John Morrison
25.7%
March 28, 1958 -
Febuary 10, 2003
Mr. Perfect
22.8%
Robert Remus
Sargent Slaughter
21.1%
Andrew Hankinson
Luke Gallows
20.5%
Formerly named 'High Voltage'
Matt Hardy
11.5%
Won Slammy Award for 'Outstanding Achievement of Baby Oil Application'
Cody Rhodes
9.4%
Quiz Playlist
Details
Report
Send in Message
Add To Playlist
Classic:
Type in answers that appear in a list
Forced Order:
Answers have to be entered in order
Random Order:
Randomize order of answers
Last Updated: Feb 16, 2017
Quiz Scoreboard
CHALLENGE
Sign Up to Join the Scoreboard
Show All
Scores
Hide
Comments
May contain spoilers
Recently Published
1-10 Letter E Words III
by El_Dandy
Language
2m
Street Fighter Characters
by Artimus82
Gaming
60s
College Basketball Coaching Resumes
by pancakes188
Sports
9m
More to Explore
Quiz From the Vault
Featured Blog Post
Where Did the Easter Bunny Come From?
hide this ad
You Might Also Like...
Tags
WWE Quiz
Royal Rumble
Wrestlemania
Wrestlers
Wrestling
WWF
Today's Top Quizzes in Sports
Browse Sports
hide this ad
Today's Top Quizzes in WWE
Browse WWE
Top Contributed Quizzes in Sports
1
2022 World Cup Stars
2
Les meilleurs buteurs des matchs entre le PSG et l’OM
3
FIFA Club World Cup Champions
4
Les entraîneurs de l'OM et du PSG au 21e siècle
5
Criteria MLB: Left Handed Sluggers
6
2023 MLB Unique Player Accomplishments
7
AFC Teams Reveal (Wrong Answers Minefield)
8
Players with Multiple 50 Home Run Seasons
9
5-to-1: FBS Animal Nicknames
10
5-to-1: UK Sports Teams
Explore More
Trending Topics
NBA
Crossword
Anime
Kpop
Harry Potter
Disney
Marvel
WWE
NFL
Pokémon
Country
Soccer
Song
The Office
Puzzle
hide this ad
More By:
Romper04345
Quiz
Plays
Rating
Category
Featured
Created
WWE / WWF Wrestlers Weighing 290 and Over
12,487
4.11
Sports
Feb 4, 2012
Family Feud
6,346
3.22
Entertainment
Feb 16, 2011
WWE Wrestling Trivia
3,817
3.93
Sports
Jan 15, 2011
NFL Players by Jersey Number (2010)
3,104
3.48
Sports
Dec 29, 2010
NFL Cryptogram
3,070
4.39
Sports
Feb 1, 2011
Go to Creator's Profile
Score Distribution
Quiz Creator Spotlight
Romper04345
Follow
Send a Message
Quizzes Created
-
Created Quiz Play Count
-
More By This Creator
Popular Quizzes Today
1
Find the US States - No Outlines Minefield
2
Find the Countries of Europe - No Outlines Minefield
3
The Countries of the World
4
Find the US States
5
Risky Map Clicking: Biggest States A-Z
6
US States
7
Popular People in 1961
8
Movies - When Are They Set?
More Sports Quizzes
Chelsea's Number 9's
Curator's Pick
Trending Quizzes
Risky Map Clicking: Least Populous States A-Z
Billboard Blitz: Aretha Franklin
Famous Russians: Author or Composer?
1-10 Letter G Words
Countries of the World: 200 Million BC
Recently Updated
Leaping Animals
pecheneg
Reality TV Shows (A-Z)
bhenderson79
Rickey Henderson's Hall of Fame Teammates
pecheneg
Champions League XIs: Arsenal
pecheneg
Quick Pick: Celebrities in WWE's Hall of Fame
aduchscher
A-Z Keypad Blitz II
pecheneg
Multiple Oscar Actors
pecheneg
Mystery Phrase Blitz: Oscar 'Best Actors'
pecheneg
F. Scott Fitzgerald Novels
LTH
Pick 3 Villains
ddd62291
Trending Topics
Anime
Crossword
Harry Potter
NBA
Marvel
Kpop
Disney
Pokémon
Country
NFL
Puzzle
Soccer
The Office
Song
WWE
Your Account Isn't Verified!
In order to create a playlist on Sporcle, you need to verify the email address you used during registration. Go to your
Sporcle Settings
to finish the process.
Report this User
Report this user for behavior that violates our
Community Guidelines
.
Details:
Send Report
Go to the Sporcle.com Mobile Site →
Comments